<?xml version="1.0" encoding="UTF-8"?><?xml-stylesheet type="text/xsl" href="static/style.xsl"?><OAI-PMH xmlns="http://www.openarchives.org/OAI/2.0/" xmlns:xsi="http://www.w3.org/2001/XMLSchema-instance" xsi:schemaLocation="http://www.openarchives.org/OAI/2.0/ http://www.openarchives.org/OAI/2.0/OAI-PMH.xsd"><responseDate>2026-06-03T05:27:32Z</responseDate><request verb="GetRecord" identifier="oai:riuma.uma.es:10630/33803" metadataPrefix="marc">https://riuma.uma.es/rest/oai/request</request><GetRecord><record><header><identifier>oai:riuma.uma.es:10630/33803</identifier><datestamp>2026-02-03T11:30:51Z</datestamp><setSpec>com_10630_2254</setSpec><setSpec>col_10630_37953</setSpec></header><metadata><record xmlns="http://www.loc.gov/MARC21/slim" xmlns:dcterms="http://purl.org/dc/terms/" xmlns:doc="http://www.lyncode.com/xoai" xmlns:xsi="http://www.w3.org/2001/XMLSchema-instance" xsi:schemaLocation="http://www.loc.gov/MARC21/slim http://www.loc.gov/standards/marcxml/schema/MARC21slim.xsd">
   <leader>00925njm 22002777a 4500</leader>
   <datafield ind2=" " ind1=" " tag="042">
      <subfield code="a">dc</subfield>
   </datafield>
   <datafield ind2=" " ind1=" " tag="720">
      <subfield code="a">Soler-García, Ismael Pablo</subfield>
      <subfield code="e">author</subfield>
   </datafield>
   <datafield ind2=" " ind1=" " tag="720">
      <subfield code="a">Gemar-Castillo, Germán</subfield>
      <subfield code="e">author</subfield>
   </datafield>
   <datafield ind2=" " ind1=" " tag="720">
      <subfield code="a">Correia, Marisol B.</subfield>
      <subfield code="e">author</subfield>
   </datafield>
   <datafield ind2=" " ind1=" " tag="260">
      <subfield code="c">2020-03-02</subfield>
   </datafield>
   <datafield ind2=" " ind1=" " tag="520">
      <subfield code="a">This study sought to analyze the effect of the climate of tourists’ region of origin on their length of stay in a specific inland destination as climate of origin has been ignored in previous analyses. The present study collected data from 674 valid surveys of visitors in the selected destination and applied a zero-truncated negative binomial regression model and a Poisson-inverse Gaussian regression model. The results for this destination suggest that climate of origin affects tourists’ length of stay. This finding was obtained via the Poisson-inverse Gaussian regression model because of its greater tolerance to long tail distributions. Similarities and differences were found regarding results for other destinations found in the literature. The present findings further include the non-significant effect of reasons for traveling and tourists’ satisfaction and the significant influence of tourists’ mode of transport, income, and age on length of stay. Cheaper lodging categories also have an important impact on visitors who prefer extended stays.</subfield>
   </datafield>
   <datafield ind1="8" ind2=" " tag="024">
      <subfield code="a">Soler, I. P., Gemar, G., &amp; Correia, M. B. (2020). The climate index-length of stay nexus. Journal of Sustainable Tourism, 28(9), 1272–1289. https://doi.org/10.1080/09669582.2020.1734603</subfield>
   </datafield>
   <datafield ind1="8" ind2=" " tag="024">
      <subfield code="a">https://hdl.handle.net/10630/33803</subfield>
   </datafield>
   <datafield ind1="8" ind2=" " tag="024">
      <subfield code="a">10.1080/09669582.2020.1734603</subfield>
   </datafield>
   <datafield tag="653" ind2=" " ind1=" ">
      <subfield code="a">Turismo</subfield>
   </datafield>
   <datafield tag="653" ind2=" " ind1=" ">
      <subfield code="a">Cambios climáticos</subfield>
   </datafield>
   <datafield ind2="0" ind1="0" tag="245">
      <subfield code="a">The climate index-length of stay nexus</subfield>
   </datafield>
</record>
</metadata></record></GetRecord></OAI-PMH>